Làm chủ bản thân : Truyện ngắn

保存先:
書誌詳細
フォーマット: 図書
言語:Undetermined
出版事項: Thành phố Hồ Chí Minh Trẻ 2010
主題:
タグ: タグ追加
タグなし, このレコードへの初めてのタグを付けませんか!
Thư viện lưu trữ: Trung tâm Học liệu Trường Đại học Cần Thơ
LEADER 00569nam a2200193Ia 4500
001 CTU_158687
008 210402s9999 xx 000 0 und d
020 |c 30000 
082 |a 808.83 
082 |b L104 
245 0 |a Làm chủ bản thân : 
245 0 |b Truyện ngắn 
245 0 |c Nhiều tác giả ; Trà Ly tuyển dịch 
260 |a Thành phố Hồ Chí Minh 
260 |b Trẻ 
260 |c 2010 
650 |a Short stories,Truyện ngắn 
904 |i Trọng Hải 
980 |a Trung tâm Học liệu Trường Đại học Cần Thơ